[Event "XXXI Festival A"]
[Site "Arco ITA"]
[Date "2009.10.20"]
[Round "4"]
[White "Ebeling, Jens"]
[Black "Koenig, Joel"]
[Result "1/2-1/2"]
[ECO "B00"]
[WhiteElo "2047"]
[BlackElo "1884"]
[PlyCount "60"]
[EventDate "2009.10.17"]

1. e4 Nc6 2. Nc3 Nf6 3. d4 d5 4. e5 Ne4 5. Nxe4 dxe4 6. c3 f6 7. exf6 exf6 8.
Bb5 Bd7 9. Nh3 Bd6 10. Nf4 Bxf4 11. Bxf4 O-O 12. O-O Kh8 13. Qe2 a6 14. Bc4 f5
15. Qh5 Be8 16. Qg5 Qd7 17. Qg3 Rc8 18. d5 Na5 19. Be2 Qxd5 20. Bxc7 Nc6 21.
Rfd1 Qf7 22. Bf4 Bd7 23. h4 Be6 24. b3 Rcd8 25. h5 h6 26. Qe3 Qf6 27. Qg3 Bg8
28. Rac1 Be6 29. Ra1 Bg8 30. Rac1 Be6 1/2-1/2

[Event "XXXI Festival A"]
[Site "Arco ITA"]
[Date "2009.10.20"]
[Round "4"]
[White "Fortunato, Vito"]
[Black "Innocenti, Sandro"]
[Result "1-0"]
[ECO "E01"]
[WhiteElo "1913"]
[BlackElo "1701"]
[PlyCount "121"]
[EventDate "2009.10.17"]

1. c4 Nf6 2. d4 e6 3. Nf3 d5 4. g3 c6 5. Bg2 Nbd7 6. O-O Bd6 7. Qc2 O-O 8. Nbd2
e5 9. e4 dxe4 10. Nxe4 Nxe4 11. Qxe4 Nf6 12. Qc2 exd4 13. Nxd4 Re8 14. Rd1 Bg4
15. f3 Bc5 16. Qc3 Be6 17. Be3 Bxc4 18. Qxc4 Qb6 19. Rac1 Qxb2 20. Rc2 Qb6 21.
Qxc5 Qxc5 22. Rxc5 Rxe3 23. Rc2 Rae8 24. Kf2 Nd5 25. Nf5 Ra3 26. f4 g6 27. Bxd5
cxd5 28. Nd6 Re7 29. Rxd5 Rd7 30. Rcd2 Kf8 31. Ke2 a6 32. Kd1 b5 33. Nxb5 Rxd5
34. Nxa3 Rc5 35. Rd4 Ra5 36. Rd3 Rh5 37. h4 Ra5 38. Kc2 h6 39. Kb3 g5 40. hxg5
hxg5 41. Nc4 Rb5+ 42. Kc3 gxf4 43. gxf4 Ke7 44. Kd4 f6 45. Ra3 Rf5 46. Ke4 Rc5
47. Ne3 a5 48. Ra4 Ke6 49. Nc4 f5+ 50. Ke3 Kd5 51. Rxa5 Kxc4 52. Rxc5+ Kxc5 53.
a4 Kd5 54. a5 Kc5 55. a6 Kb6 56. a7 Kxa7 57. Kd4 Kb6 58. Ke5 Kc7 59. Kxf5 Kd7
60. Kf6 Ke8 61. Kg7 1-0

[Event "XXXI Festival A"]
[Site "Arco ITA"]
[Date "2009.10.20"]
[Round "4"]
[White "Franco Ocampos, Zenon"]
[Black "Grant, Jonathan I.M."]
[Result "1-0"]
[ECO "E14"]
[WhiteElo "2505"]
[BlackElo "2249"]
[PlyCount "69"]
[EventDate "2009.10.17"]

1. d4 Nf6 2. Nf3 e6 3. e3 c5 4. Bd3 b6 5. O-O Bb7 6. c4 Be7 7. b3 O-O 8. Bb2
cxd4 9. exd4 d5 10. Nc3 Nc6 11. Qe2 Rc8 12. Rfd1 Re8 13. Rac1 Bf8 14. h3 g6 15.
Qe3 Bg7 16. Ne2 Ne7 17. g4 h5 18. Ne5 hxg4 19. hxg4 dxc4 20. bxc4 Qd6 21. Qf4
Nc6 22. f3 Qc7 23. Ba3 Red8 24. Kg2 Rxd4 25. Nxd4 Nxe5 26. Nb5 Qc6 27. Be2
Nfxg4 28. Nxa7 Qa4 29. Nxc8 Qxa3 30. Rd8+ Bf8 31. Kg3 Qxa2 32. fxg4 Qxe2 33.
Rd2 Bh6 34. Ne7+ Kg7 35. Qxh6+ 1-0

[Event "XXXI Festival A"]
[Site "Arco ITA"]
[Date "2009.10.20"]
[Round "4"]
[White "Gasperoni, Claudio"]
[Black "Ciola, Alberto"]
[Result "0-1"]
[ECO "E92"]
[WhiteElo "1770"]
[BlackElo "1920"]
[PlyCount "49"]
[EventDate "2009.10.17"]

1. d4 Nf6 2. Nf3 g6 3. c4 Bg7 4. Nc3 d6 5. e4 O-O 6. Be2 e5 7. d5 h6 8. b4 a6
9. Nd2 Nh7 10. Nb3 f5 11. f3 Nf6 12. Be3 b6 13. c5 a5 14. a3 fxe4 15. fxe4 axb4
16. axb4 Rxa1 17. Qxa1 bxc5 18. bxc5 Ng4 19. Bxg4 Bxg4 20. Rf1 Qh4+ 21. g3
Rxf1+ 22. Kxf1 Qxh2 23. Qa8 Qxg3 24. Qxb8+ Kh7 25. Qxc7 0-1

[Event "XXXI Festival A"]
[Site "Arco ITA"]
[Date "2009.10.20"]
[Round "4"]
[White "Grom, Waldemar"]
[Black "Kern, Beat"]
[Result "1-0"]
[ECO "A22"]
[WhiteElo "1957"]
[BlackElo "1651"]
[PlyCount "71"]
[EventDate "2009.10.17"]

1. c4 Nf6 2. Nc3 e5 3. g3 Be7 4. Bg2 d6 5. e3 O-O 6. Nge2 c5 7. O-O Nc6 8. a3
a6 9. d4 Qc7 10. b3 Rb8 11. h3 b5 12. cxb5 axb5 13. d5 Nd8 14. a4 bxa4 15. bxa4
Ba6 16. Re1 Nd7 17. Bd2 Nb7 18. Nb5 Bxb5 19. axb5 Ra8 20. Nc3 Nb6 21. Ra6 Nc4
22. Bf1 Nxd2 23. Qxd2 Qd7 24. Rea1 Rxa6 25. Rxa6 Bd8 26. Qa2 f5 27. Ra7 Bb6 28.
Ra8 Rxa8 29. Qxa8+ Kf7 30. Na4 Qc7 31. Qa6 Ba5 32. Qc6 Nd8 33. Qa6 Nb7 34. b6
Qb8 35. Bb5 Bb4 36. Bc6 1-0

[Event "XXXI Festival A"]
[Site "Arco ITA"]
[Date "2009.10.20"]
[Round "4"]
[White "Hasberger, Walter"]
[Black "Pienabarca, Nicola"]
[Result "0-1"]
[ECO "C29"]
[WhiteElo "1894"]
[BlackElo "2067"]
[PlyCount "98"]
[EventDate "2009.10.17"]

1. e4 e5 2. Nc3 Nf6 3. f4 d5 4. fxe5 Nxe4 5. Qf3 f5 6. d4 c5 7. Bb5+ Bd7 8.
Bxd7+ Qxd7 9. Nge2 Nc6 10. Be3 Be7 11. O-O O-O 12. Rad1 cxd4 13. Bxd4 Nxd4 14.
Nxd4 Bc5 15. Kh1 Rae8 16. e6 Qd6 17. Ndb5 Qb6 18. a4 Nxc3 19. Qxc3 Rxe6 20.
Rxd5 Be7 21. Qd2 Qe3 22. h3 Qxd2 23. Rxd2 g6 24. Nd4 Ref6 25. Re2 Bd6 26. Rf3
h6 27. g3 Rc8 28. c3 Kf7 29. Kg2 Rc4 30. b3 Rc5 31. c4 Re5 32. Rxe5 Bxe5 33.
Nc2 Rd6 34. Nb4 Rd2+ 35. Rf2 Rd1 36. g4 Rb1 37. Rf3 Rb2+ 38. Kf1 Bd6 39. Nd5
Ke6 40. Re3+ Kf7 41. Ke1 fxg4 42. hxg4 Rg2 43. Re4 a5 44. Kf1 Rg3 45. Ne3 Bc5
46. Kf2 Rxe3 47. Rxe3 Kf6 48. Kf3 Bxe3 49. Kxe3 h5 0-1

[Event "XXXI Festival A"]
[Site "Arco ITA"]
[Date "2009.10.20"]
[Round "4"]
[White "Karl, Hans"]
[Black "Bonade', Massimo"]
[Result "1/2-1/2"]
[ECO "E43"]
[WhiteElo "2229"]
[BlackElo "2097"]
[PlyCount "60"]
[EventDate "2009.10.17"]

1. d4 Nf6 2. c4 e6 3. Nc3 Bb4 4. e3 b6 5. Bd3 Bb7 6. f3 O-O 7. Nge2 c5 8. O-O
cxd4 9. exd4 d5 10. Bg5 Be7 11. Qd2 Nbd7 12. Rfd1 Rc8 13. b3 Re8 14. Rac1 Nb8
15. Qb2 Nc6 16. Be3 Nb4 17. Nb5 Nxd3 18. Rxd3 a6 19. Na3 dxc4 20. bxc4 Nd7 21.
Rb3 Bg5 22. Qd2 Bxe3+ 23. Qxe3 h6 24. c5 b5 25. Nc4 bxc4 26. Rxb7 e5 27. Rxc4
exd4 28. Qxd4 Rxe2 29. Qxd7 Qf8 30. c6 Rd8 1/2-1/2

[Event "XXXI Festival A"]
[Site "Arco ITA"]
[Date "2009.10.20"]
[Round "4"]
[White "Knors, Rudi"]
[Black "Niccoli, Paolo"]
[Result "1/2-1/2"]
[ECO "E62"]
[WhiteElo "2113"]
[BlackElo "1947"]
[PlyCount "73"]
[EventDate "2009.10.17"]

1. Nf3 Nf6 2. c4 g6 3. Nc3 Bg7 4. d4 O-O 5. g3 d6 6. Bg2 c6 7. O-O Bf5 8. Re1
Ne4 9. Nh4 Nxc3 10. bxc3 Bg4 11. Rb1 b6 12. Qd3 Bc8 13. Qc2 Bb7 14. Be3 Nd7 15.
c5 dxc5 16. dxc5 Qc7 17. Qb3 b5 18. a4 a6 19. c4 Rab8 20. cxb5 cxb5 21. c6 Bxc6
22. Rec1 bxa4 23. Qc2 Rxb1 24. Qxb1 Nb8 25. Qc2 Rc8 26. Bh3 e6 27. Nf3 Qb7 28.
Nd4 Bd7 29. Qd2 Rxc1+ 30. Qxc1 Qc8 31. Qxc8+ Bxc8 32. Bg2 e5 33. Nc2 f5 34.
Bd5+ Kf8 35. Bc5+ Ke8 36. Bd6 Nd7 37. Bc6 1/2-1/2

[Event "XXXI Festival A"]
[Site "Arco ITA"]
[Date "2009.10.20"]
[Round "4"]
[White "Kummer, Heinz"]
[Black "Nania, Alberto"]
[Result "0-1"]
[ECO "B01"]
[WhiteElo "1863"]
[BlackElo "1704"]
[PlyCount "94"]
[EventDate "2009.10.17"]

1. e4 d5 2. exd5 Qxd5 3. Nc3 Qe5+ 4. Qe2 Qxe2+ 5. Bxe2 Bf5 6. d3 Nc6 7. Be3 e6
8. O-O-O Nf6 9. h3 Bd6 10. Nf3 O-O 11. Nh4 Rfe8 12. g4 Bg6 13. Nb5 Nd5 14. Nxd6
cxd6 15. Bd2 Rac8 16. Bc3 b5 17. Kb1 b4 18. Be1 Nd4 19. Rd2 Re7 20. Nxg6 hxg6
21. Bd1 a5 22. h4 a4 23. g5 Rec7 24. h5 b3 25. c3 Nxc3+ 26. bxc3 Rxc3 27. Kb2
a3+ 28. Kxa3 Ra8+ 29. Kb4 Nc2+ 30. Bxc2 bxc2 31. Rxc2 Rxc2 32. h6 Rc1 33. hxg7
Rb8+ 34. Ka3 Rbc8 35. Rh8+ Kxg7 36. Rxc8 Rxc8 37. Kb3 e5 38. a4 Kf8 39. a5 Ke8
40. Kb4 Kd7 41. f3 Kc6 42. Bf2 Rh8 43. Kc4 Rh3 44. Bb6 Rxf3 45. Bd8 d5+ 46. Kc3
e4 47. Kc2 Rxd3 0-1

[Event "XXXI Festival A"]
[Site "Arco ITA"]
[Date "2009.10.20"]
[Round "4"]
[White "Lezzerini, Marco"]
[Black "Buck, Klaus-Michael"]
[Result "1-0"]
[ECO "D02"]
[WhiteElo "1587"]
[BlackElo "1837"]
[PlyCount "95"]
[EventDate "2009.10.17"]

1. d4 d5 2. Bf4 Nf6 3. e3 e6 4. Bd3 Nbd7 5. Nf3 c5 6. c3 Be7 7. Nbd2 O-O 8. Ne5
Re8 9. g4 Nf8 10. h4 N6d7 11. g5 Nxe5 12. Bxe5 Bd6 13. f4 Bxe5 14. fxe5 g6 15.
Qg4 c4 16. Bc2 Qb6 17. Rb1 Qd8 18. h5 Re7 19. Nf1 Bd7 20. Qf4 Re8 21. Nh2 Bc6
22. Ng4 Qe7 23. Nf6+ Kg7 24. Nxe8+ Rxe8 25. Qf6+ Qxf6 26. gxf6+ Kg8 27. Kd2 Rc8
28. Rbf1 Be8 29. Rf3 Rc7 30. Rhf1 a5 31. Ke2 b5 32. hxg6 fxg6 33. Kd2 Bf7 34.
Rb1 Ra7 35. b3 b4 36. cxb4 axb4 37. bxc4 Rxa2 38. cxd5 exd5 39. Rxb4 Be6 40.
Rb8 Bf5 41. Rxf5 gxf5 42. e6 Ra6 43. e7 Rxf6 44. exf8=Q+ Rxf8 45. Rxf8+ Kxf8
46. Bxf5 Ke7 47. Bxh7 Kd6 48. Kc3 1-0

[Event "XXXI Festival A"]
[Site "Arco ITA"]
[Date "2009.10.20"]
[Round "4"]
[White "Marcori, Mirko"]
[Black "Russo, Carmelo"]
[Result "1/2-1/2"]
[ECO "D02"]
[WhiteElo "1878"]
[BlackElo "1733"]
[PlyCount "203"]
[EventDate "2009.10.17"]

1. d4 Nf6 2. Nf3 d5 3. Bf4 Bg4 4. Nbd2 Nh5 5. Bg3 Nxg3 6. fxg3 e6 7. Ne5 Qg5 8.
Nxg4 Qxg4 9. e3 Qxd1+ 10. Rxd1 c5 11. Bb5+ Nc6 12. O-O Rc8 13. Nf3 a6 14. Bxc6+
Rxc6 15. Ne5 Rc7 16. c3 c4 17. g4 g6 18. Rde1 Bh6 19. Nf3 O-O 20. g5 Bg7 21. e4
h6 22. h4 hxg5 23. hxg5 Rd8 24. e5 b5 25. Re2 Bf8 26. Nh2 Be7 27. Nf3 Rb8 28.
Kf2 Kg7 29. Kg3 Rh8 30. Kf4 Rcc8 31. Ref2 Rcf8 32. g3 Rh5 33. g4 Rh3 34. Rh2
Rfh8 35. Rxh3 Rxh3 36. Rg1 b4 37. cxb4 Bxb4 38. a3 Ba5 39. Ke3 Kf8 40. Kf2 Bd8
41. Kg2 Rh8 42. Rb1 Be7 43. b4 cxb3 44. Rxb3 Kg7 45. a4 a5 46. Rb5 Bb4 47. Rb7
Rc8 48. Ng1 Rc2+ 49. Kf3 Ra2 50. Ne2 Rxa4 51. Nf4 Ra3+ 52. Ke2 Kg8 53. Rb8+ Bf8
54. Nd3 Kg7 55. Nf4 a4 56. Rb7 Kg8 57. Ra7 Ra2+ 58. Kd1 a3 59. Ra8 Rf2 60. Nd3
Rg2 61. Nc5 Rxg4 62. Nd7 Rxd4+ 63. Kc2 Rc4+ 64. Kb3 Rb4+ 65. Ka2 Rb2+ 66. Ka1
Rg2 67. Nxf8 Kg7 68. Nd7 Rxg5 69. Rxa3 Rg1+ 70. Kb2 Rg2+ 71. Kc1 g5 72. Kd1 Kg6
73. Rf3 Rg4 74. Nf8+ Kg7 75. Nd7 Rh4 76. Rg3 Kg6 77. Ke2 Re4+ 78. Kd3 Ra4 79.
Ke2 Re4+ 80. Kd2 Kf5 81. Rf3+ Rf4 82. Rh3 Rh4 83. Rf3+ Rf4 84. Ra3 Rc4 85. Ra7
Rf4 86. Nc5 Kg6 87. Ra8 g4 88. Rg8+ Kf5 89. Rg7 f6 90. Rf7 Kg6 91. Rf8 Rd4+ 92.
Ke3 fxe5 93. Nxe6 Rc4 94. Rd8 Rc3+ 95. Kd2 d4 96. Nxd4 exd4 97. Rxd4 Rg3 98.
Rd5 Rg2+ 99. Ke3 Ra2 100. Kf4 Ra4+ 101. Kg3 Kf6 102. Rc5 1/2-1/2

[Event "XXXI Festival A"]
[Site "Arco ITA"]
[Date "2009.10.20"]
[Round "4"]
[White "Marini, Lucio"]
[Black "De Polzer, Manfredi"]
[Result "1-0"]
[ECO "A52"]
[WhiteElo "1884"]
[BlackElo "1812"]
[PlyCount "117"]
[EventDate "2009.10.17"]

1. d4 Nf6 2. c4 e5 3. dxe5 Ng4 4. Bf4 Nc6 5. Nf3 Bb4+ 6. Nbd2 Qe7 7. e3 O-O 8.
Be2 d6 9. exd6 Bxd6 10. Bxd6 cxd6 11. O-O Be6 12. Nd4 Nce5 13. Nxe6 Qxe6 14. h3
Nf6 15. Rc1 Rfd8 16. Nb3 Nc6 17. Bf3 d5 18. Nc5 Qe7 19. cxd5 Ne5 20. Qe2 Nxf3+
21. Qxf3 Rxd5 22. Nb3 Rad8 23. Nd4 a6 24. Rc2 Qe4 25. Qxe4 Nxe4 26. Rc7 Nd6 27.
Rfc1 g6 28. R7c5 Ne8 29. Rxd5 Rxd5 30. Kf1 Kg7 31. Ke2 Rd6 32. Rc8 Nf6 33. Rc7
Rb6 34. b3 Nd5 35. Rc5 Rd6 36. g3 h5 37. a4 Kf6 38. h4 Ke7 39. Rc4 Kd7 40. b4
Nc7 41. Nf3 Nd5 42. b5 axb5 43. axb5 Rb6 44. e4 Nc7 45. Ne5+ Ke6 46. Nxf7 Nxb5
47. Ng5+ Ke7 48. Rc5 Nd6 49. Kf3 Rc6 50. Rxc6 bxc6 51. Ke3 c5 52. f4 Kd7 53.
Nf3 Ke6 54. Ne5 c4 55. Nxg6 c3 56. f5+ Nxf5+ 57. exf5+ Kxf5 58. Nf4 Kg4 59.
Nxh5 1-0

[Event "XXXI Festival A"]
[Site "Arco ITA"]
[Date "2009.10.20"]
[Round "4"]
[White "Mazza, Maurizio"]
[Black "Pistone, Salvatore"]
[Result "1-0"]
[ECO "B22"]
[WhiteElo "1677"]
[BlackElo "1864"]
[PlyCount "41"]
[EventDate "2009.10.17"]

1. e4 c5 2. c3 d6 3. d4 cxd4 4. cxd4 Bd7 5. Nc3 Nf6 6. Nf3 g6 7. Bc4 Nc6 8. Ng5
e6 9. O-O Na5 10. Bd3 Nc6 11. Be3 a6 12. a3 b5 13. b4 Be7 14. f4 Nh5 15. Be2
Ng7 16. d5 Na7 17. Bxa7 Rxa7 18. Qd4 Bf6 19. Qxa7 Bxc3 20. Rac1 Qc8 21. Qe3 1-0

[Event "XXXI Festival A"]
[Site "Arco ITA"]
[Date "2009.10.20"]
[Round "4"]
[White "Mondon, Fabrice"]
[Black "Gandolfi, Gianfranco"]
[Result "1-0"]
[ECO "C91"]
[WhiteElo "2029"]
[BlackElo "1861"]
[PlyCount "91"]
[EventDate "2009.10.17"]

1. e4 e5 2. Nf3 Nc6 3. Bb5 a6 4. Ba4 Nf6 5. O-O Be7 6. Re1 b5 7. Bb3 O-O 8. d4
d6 9. c3 Bg4 10. Be3 Na5 11. Bc2 Nc4 12. Bc1 exd4 13. cxd4 c5 14. b3 Nb6 15.
Bb2 Nfd7 16. Nbd2 cxd4 17. Bxd4 Bf6 18. Bxf6 Qxf6 19. h3 Bh5 20. g4 Bg6 21. Nf1
Ne5 22. Kg2 Qxf3+ 23. Qxf3 Nxf3 24. Kxf3 d5 25. Ng3 Rac8 26. Bd1 dxe4+ 27. Nxe4
f5 28. gxf5 Bxf5 29. Kg3 Nd5 30. Bg4 Bxg4 31. hxg4 Nf6 32. Nxf6+ Rxf6 33. Rac1
Rxc1 34. Rxc1 Rd6 35. Rc8+ Kf7 36. Ra8 Ke6 37. f3 h6 38. Kf4 g5+ 39. Ke4 Kf6
40. Ra7 Kg6 41. Ke5 Rc6 42. Kd5 Rf6 43. Kc5 Rxf3 44. Rxa6+ Rf6 45. Rxf6+ Kxf6
46. a4 1-0

[Event "XXXI Festival A"]
[Site "Arco ITA"]
[Date "2009.10.20"]
[Round "4"]
[White "Morselli, Stefano"]
[Black "Giancotti, Eraldo"]
[Result "1-0"]
[ECO "B06"]
[WhiteElo "1921"]
[BlackElo "2109"]
[PlyCount "69"]
[EventDate "2009.10.17"]

1. e4 g6 2. Nf3 Bg7 3. d4 d6 4. Bc4 e6 5. Nc3 a6 6. O-O Ne7 7. Re1 h6 8. a4 b6
9. Be3 Bb7 10. Qd2 Nd7 11. Rad1 Nf6 12. e5 Nfd5 13. Nxd5 Nxd5 14. exd6 cxd6 15.
Bd3 Nxe3 16. Qxe3 O-O 17. c3 Qd7 18. b3 Rfc8 19. c4 Qc6 20. Bxg6 fxg6 21. Qxe6+
Kh7 22. d5 Qc5 23. Nh4 Rf8 24. Qxg6+ Kh8 25. Qg3 Rf7 26. Ng6+ Kh7 27. Re2 Bf6
28. Nf4 Rg8 29. Qd3+ Kh8 30. Rde1 Rfg7 31. Re6 Rf7 32. Ng6+ Kg7 33. Qg3 Kh7 34.
Rxf6 Rxf6 35. Re7+ 1-0

[Event "XXXI Festival A"]
[Site "Arco ITA"]
[Date "2009.10.20"]
[Round "4"]
[White "Naumkin, Igor"]
[Black "Manca, Federico"]
[Result "1-0"]
[ECO "E11"]
[WhiteElo "2450"]
[BlackElo "2356"]
[PlyCount "93"]
[EventDate "2009.10.17"]

1. d4 Nf6 2. c4 e6 3. Nf3 Bb4+ 4. Nbd2 d5 5. Qa4+ Nc6 6. a3 Be7 7. e3 O-O 8.
Qc2 b6 9. b4 dxc4 10. Nxc4 Bb7 11. Bd3 Rc8 12. Bb2 h6 13. O-O a5 14. Nce5 Nb8
15. bxa5 bxa5 16. Rad1 c5 17. dxc5 Qc7 18. Qa4 Qxc5 19. Qf4 Bd6 20. Qh4 Bxf3
21. Nxf3 Nbd7 22. Nd4 Ne5 23. Be2 Rb8 24. Ba1 Rfc8 25. Qh3 Kh8 26. f4 Ned7 27.
g4 Kg8 28. g5 hxg5 29. Nxe6 fxe6 30. Qxe6+ Kh8 31. Rxd6 Re8 32. Qh3+ Kg8 33.
Rd4 Nb6 34. Rb1 gxf4 35. Rxf4 Rxe3 36. Bc4+ Nxc4 37. Rxb8+ Kf7 38. Rxf6+ gxf6
39. Qh7+ Ke6 40. Re8+ Kd5 41. Qb7+ Qc6 42. Qf7+ Re6 43. Qh5+ Kd6 44. Qd1+ Kc5
45. Bd4+ Kb5 46. Qb3+ Ka6 47. Ra8+ 1-0

[Event "XXXI Festival A"]
[Site "Arco ITA"]
[Date "2009.10.20"]
[Round "4"]
[White "Pedrotti, Luciano"]
[Black "Fragni, Enrico"]
[Result "1-0"]
[ECO "B12"]
[WhiteElo "1829"]
[BlackElo "1767"]
[PlyCount "149"]
[EventDate "2009.10.17"]

1. e4 c6 2. d4 d6 3. Bd3 e5 4. dxe5 dxe5 5. Nf3 Bg4 6. O-O Be7 7. Nbd2 Nf6 8.
Nc4 Nbd7 9. Ne3 Bh5 10. Nf5 Bf8 11. Ng3 Bg6 12. Bg5 Be7 13. Qe2 h6 14. Bd2 Qc7
15. Bc3 Nh5 16. Rad1 Nf4 17. Qe1 O-O 18. a3 a5 19. Kh1 b5 20. Bd2 Nxd3 21. cxd3
c5 22. Rc1 Qb6 23. Ne2 b4 24. axb4 axb4 25. Ra1 f5 26. Ng3 f4 27. Nf5 Bxf5 28.
Rxa8 Rxa8 29. exf5 Qf6 30. Qe4 Rd8 31. b3 Kh8 32. Bc1 Bd6 33. Bb2 Rf8 34. Qd5
Rf7 35. Re1 Re7 36. Qe4 Kh7 37. g3 fxg3 38. fxg3 g5 39. g4 Kg8 40. Ra1 Qf7 41.
Ra8+ Kg7 42. Qc4 Qxc4 43. bxc4 Nf6 44. Ra6 Bc7 45. Rc6 Nxg4 46. h3 Nf6 47. Rxc5
Kf7 48. Nxe5+ Bxe5 49. Rxe5 Nh5 50. Rxe7+ Kxe7 51. Be5 b3 52. Bb2 Ng3+ 53. Kg2
Nxf5 54. Kf3 h5 55. Ke4 Ke6 56. d4 Nd6+ 57. Kd3 g4 58. hxg4 hxg4 59. d5+ Kd7
60. c5 Nf7 61. Kc4 g3 62. Kxb3 g2 63. Bd4 Ne5 64. Kb4 Kc8 65. Kb5 Kb7 66. c6+
Kc8 67. Kc5 Nf7 68. d6 Kd8 69. Kd5 Kc8 70. Ke6 Nd8+ 71. Kd5 Nf7 72. Bb6 Kb8 73.
d7 Ka8 74. c7 g1=Q 75. c8=Q# 1-0

[Event "XXXI Festival A"]
[Site "Arco ITA"]
[Date "2009.10.20"]
[Round "4"]
[White "Pieri, Enzo"]
[Black "Parrini, Daniele"]
[Result "0-1"]
[ECO "A48"]
[WhiteElo "1812"]
[BlackElo "2022"]
[PlyCount "28"]
[EventDate "2009.10.17"]

1. d4 Nf6 2. Nf3 g6 3. e3 Bg7 4. Nbd2 O-O 5. Be2 d6 6. c4 Nbd7 7. O-O e5 8.
dxe5 dxe5 9. Qc2 Qe7 10. Rb1 Nc5 11. e4 Ncxe4 12. Nxe4 Nxe4 13. Bd3 Nc5 14. Ra1
e4 0-1

[Event "XXXI Festival A"]
[Site "Arco ITA"]
[Date "2009.10.20"]
[Round "4"]
[White "Pisani, Valerio"]
[Black "Stolfa, Rodolfo"]
[Result "1/2-1/2"]
[ECO "C29"]
[WhiteElo "1789"]
[BlackElo "1886"]
[PlyCount "120"]
[EventDate "2009.10.17"]

1. e4 e5 2. Nc3 Nf6 3. f4 Nc6 4. fxe5 Nxe5 5. d4 Ng6 6. e5 Ng8 7. Nf3 d6 8. Bc4
Be6 9. d5 Bd7 10. e6 fxe6 11. dxe6 Bc6 12. O-O Be7 13. Bd3 Nf6 14. Bxg6+ hxg6
15. Qd3 O-O 16. Qxg6 Qe8 17. Nh4 Qxg6 18. Nxg6 Rfe8 19. Bg5 Bd8 20. Rae1 Kh7
21. Nf4 Ng8 22. Bxd8 Raxd8 23. Re3 Ne7 24. g4 Rf8 25. h4 Rf6 26. Ne4 Bxe4 27.
Rxe4 Rdf8 28. Rf2 c6 29. Nh3 Rxf2 30. Nxf2 Ng6 31. g5 Re8 32. Nd3 d5 33. Re2
Ne7 34. h5 Nf5 35. c3 Ng3 36. Re5 Nxh5 37. Kf2 g6 38. Ke3 Re7 39. Kd4 Ng7 40.
Nf4 b6 41. c4 Nf5+ 42. Rxf5 gxf5 43. cxd5 cxd5 44. Kxd5 Rg7 45. g6+ Kg8 46. Ke5
Rc7 47. Kxf5 Kg7 48. Ke5 Rc1 49. Kd6 Rd1+ 50. Kc7 Kf6 51. Kb7 Rf1 52. Nd5+ Kxe6
53. Nb4 Rf2 54. Nd3 Rd2 55. Kxa7 Rxd3 56. Kxb6 Rd2 57. a4 Rxb2+ 58. Ka6 Kf6 59.
a5 Kxg6 60. Ka7 Rb5 1/2-1/2

[Event "XXXI Festival A"]
[Site "Arco ITA"]
[Date "2009.10.20"]
[Round "4"]
[White "Rampini, Carlo"]
[Black "Orlandi, Stefano"]
[Result "1-0"]
[ECO "B51"]
[WhiteElo "1820"]
[BlackElo "1948"]
[PlyCount "69"]
[EventDate "2009.10.17"]

1. e4 c5 2. Nf3 Nc6 3. Bb5 d6 4. O-O a6 5. Bxc6+ bxc6 6. c4 e6 7. b3 Nf6 8. Nc3
Be7 9. d4 cxd4 10. Nxd4 Bb7 11. Re1 Qc7 12. Be3 O-O 13. f3 c5 14. Nde2 Rad8 15.
Qc2 d5 16. exd5 exd5 17. cxd5 Nxd5 18. Nxd5 Rxd5 19. Rac1 Bd6 20. h3 Re8 21.
Bf2 Rg5 22. Kh1 Qd7 23. Ng1 Rc8 24. Qd2 Rg6 25. Bxc5 Rd8 26. Bxd6 Rxd6 27. Qe3
Re6 28. Qf4 Rxe1 29. Rxe1 h6 30. Rc1 Bc6 31. Qh4 Bb5 32. a4 Bc6 33. Rxc6 Qxc6
34. Qxd8+ Kh7 35. Qd3+ 1-0

[Event "XXXI Festival A"]
[Site "Arco ITA"]
[Date "2009.10.20"]
[Round "4"]
[White "Rigo, Marco"]
[Black "Thompson, Edward Nii Lamptey"]
[Result "0-1"]
[ECO "C41"]
[WhiteElo "1908"]
[BlackElo "1818"]
[PlyCount "105"]
[EventDate "2009.10.17"]

1. e4 Nf6 2. Nc3 e5 3. Nf3 d6 4. h3 c6 5. d4 Nbd7 6. Bc4 Be7 7. O-O O-O 8. Bg5
Qc7 9. Bb3 h6 10. Bh4 Re8 11. Re1 Nf8 12. d5 c5 13. Bxf6 Bxf6 14. Ne2 Bd7 15.
c4 Ng6 16. Bc2 a6 17. Qd2 b5 18. Bd3 Bd8 19. a4 b4 20. b3 Qc8 21. Kh2 f5 22.
Rg1 Rf8 23. exf5 Bxf5 24. Ng3 Bxd3 25. Qxd3 Nf4 26. Qe4 Ra7 27. Raf1 Raf7 28.
Ne2 Nxh3 29. Rh1 Nf4 30. Kg1 Qg4 31. Ng3 Qg6 32. Qxg6 Nxg6 33. Ne4 Be7 34. Nfd2
Nf4 35. g3 Ne2+ 36. Kg2 Nd4 37. Rd1 Rf5 38. Rhf1 g5 39. Rh1 Kg7 40. Rh5 g4 41.
Rxf5 Rxf5 42. Re1 h5 43. Re3 Kg6 44. Rd3 Rf8 45. f3 Nc2 46. Kf2 Kf5 47. fxg4+
Kxg4+ 48. Kg1 Ne1 49. Nf2+ Rxf2 50. Kxf2 Nxd3+ 51. Ke3 Bg5+ 52. Kxd3 Bxd2 53.
Kxd2 0-1

[Event "XXXI Festival A"]
[Site "Arco ITA"]
[Date "2009.10.20"]
[Round "4"]
[White "Salati, Paolo"]
[Black "Kierzek, Mira"]
[Result "0-1"]
[ECO "B20"]
[WhiteElo "1866"]
[BlackElo "2043"]
[PlyCount "62"]
[EventDate "2009.10.17"]

1. e4 e6 2. Qe2 c5 3. f4 Nc6 4. Nf3 Nge7 5. g3 g6 6. Bg2 Bg7 7. c3 O-O 8. O-O
d5 9. d3 Rb8 10. Nbd2 b5 11. Rb1 Qa5 12. a3 Qb6 13. Kh1 a5 14. Rd1 Ba6 15. Nf1
b4 16. axb4 axb4 17. exd5 exd5 18. c4 Rfe8 19. b3 dxc4 20. dxc4 Nd5 21. Qc2 Nc3
22. Be3 Nxb1 23. Qxb1 Nd4 24. Nxd4 cxd4 25. Bf2 Bb7 26. Qd3 Bxg2+ 27. Kxg2 Qc6+
28. Kg1 Ra8 29. Nd2 Ra2 30. h3 Qe6 31. Kh2 Qe2 0-1

[Event "XXXI Festival A"]
[Site "Arco ITA"]
[Date "2009.10.20"]
[Round "4"]
[White "Savarese, Vincenzo"]
[Black "De Nisi, Roberta"]
[Result "0-1"]
[ECO "C06"]
[WhiteElo "1810"]
[BlackElo "1903"]
[PlyCount "102"]
[EventDate "2009.10.17"]

1. e4 e6 2. d4 d5 3. Nd2 Nf6 4. e5 Nfd7 5. Bd3 c5 6. c3 Nc6 7. Ne2 Qb6 8. Nf3
cxd4 9. cxd4 Bb4+ 10. Bd2 Bxd2+ 11. Qxd2 Qb4 12. Rc1 Qxd2+ 13. Kxd2 f6 14. exf6
gxf6 15. Rhe1 Kf7 16. Nf4 Nf8 17. a3 Bd7 18. b4 a6 19. Rc3 Ng6 20. Bxg6+ hxg6
21. Rce3 Rae8 22. Nd3 b6 23. h4 Ne7 24. g3 Nf5 25. Nde5+ fxe5 26. Nxe5+ Ke7 27.
Nxg6+ Kf6 28. Nxh8 Rxh8 29. Rd3 Nd6 30. f3 Nc4+ 31. Ke2 Bb5 32. Kf2 Nb2 33.
Rde3 Nd3+ 34. Rxd3 Bxd3 35. Re5 Rc8 36. g4 a5 37. h5 axb4 38. g5+ Kf7 39. axb4
Bf5 40. b5 Rc4 41. Ke3 Rb4 42. Rxf5+ exf5 43. Kf4 Rxd4+ 44. Kxf5 Rh4 45. g6+
Kg7 46. Kg5 Rh1 47. f4 d4 48. f5 Rg1+ 49. Kf4 d3 50. Ke3 d2 51. Kxd2 Rg5 0-1

[Event "XXXI Festival A"]
[Site "Arco ITA"]
[Date "2009.10.20"]
[Round "4"]
[White "Schaberg, Wolfgang"]
[Black "Kierzek, Matthias"]
[Result "0-1"]
[ECO "B19"]
[WhiteElo "1943"]
[BlackElo "2154"]
[PlyCount "76"]
[EventDate "2009.10.17"]

1. e4 c6 2. d4 d5 3. Nc3 dxe4 4. Nxe4 Bf5 5. Ng3 Bg6 6. Nf3 Nd7 7. h4 h6 8. Bd3
Bxd3 9. Qxd3 e6 10. Bd2 Ngf6 11. c4 Be7 12. Bc3 a5 13. a3 a4 14. Ne2 Nc5 15.
Qc2 Nce4 16. Ne5 Nxc3 17. bxc3 Bd6 18. f4 h5 19. c5 Bxe5 20. fxe5 Ng4 21. Rb1
Qd5 22. Nf4 Qd7 23. Qe2 g6 24. Rb6 O-O 25. O-O Ra6 26. Rxa6 bxa6 27. Qxa6 Rb8
28. Qd3 Rb2 29. Nxg6 fxg6 30. Qxg6+ Qg7 31. Qe8+ Kh7 32. Qxh5+ Nh6 33. Qf3 Nf5
34. Qh5+ Nh6 35. Qf3 Qg4 36. Qxc6 Nf5 37. Rxf5 Qxf5 38. Qd7+ Kh6 0-1

[Event "XXXI Festival A"]
[Site "Arco ITA"]
[Date "2009.10.20"]
[Round "4"]
[White "Sigmund, Ingenuin"]
[Black "Mulone, Gaspare"]
[Result "1-0"]
[ECO "B40"]
[WhiteElo "1825"]
[BlackElo "1394"]
[PlyCount "103"]
[EventDate "2009.10.17"]

1. e4 e6 2. c4 c5 3. Nc3 Nc6 4. Nf3 Nd4 5. d3 d6 6. Nxd4 cxd4 7. Ne2 e5 8. g3
Bg4 9. Bg2 Qd7 10. h3 Be6 11. f4 f6 12. Bd2 Ne7 13. b4 b6 14. f5 Bf7 15. O-O
Nc8 16. b5 Be7 17. a4 a5 18. bxa6 Rxa6 19. Qb3 O-O 20. Rfb1 Kh8 21. Qb5 Qa7 22.
Qb3 Be8 23. a5 bxa5 24. Qb7 Bc6 25. Qxa7 Nxa7 26. Bxa5 Ra8 27. Bc7 Nc8 28. Rxa6
Rxa6 29. Kf2 Ra7 30. Bb8 Rb7 31. Rxb7 Bxb7 32. Bc7 Kg8 33. Nc1 Kf8 34. Bf3 Na7
35. Bd1 Bc6 36. Nb3 Ke8 37. Bh5+ Kd7 38. Ba5 Kc8 39. Bf7 Bd7 40. Nc1 Nc6 41.
Bd2 Kb7 42. Ne2 Bd8 43. Bd5 Kb6 44. g4 Kc5 45. Nc1 Bc7 46. Nb3+ Kb6 47. h4 h6
48. g5 hxg5 49. hxg5 fxg5 50. Kg3 Nd8 51. Ba5+ Ka7 52. Bxc7 1-0

[Event "XXXI Festival A"]
[Site "Arco ITA"]
[Date "2009.10.20"]
[Round "4"]
[White "Sprea, Giuseppe"]
[Black "Helbig, Dieter"]
[Result "0-1"]
[ECO "E90"]
[WhiteElo "2018"]
[BlackElo "1858"]
[PlyCount "58"]
[EventDate "2009.10.17"]

1. d4 Nf6 2. c4 g6 3. Nc3 Bg7 4. Nf3 d6 5. e4 O-O 6. h3 Nbd7 7. Be3 b6 8. Be2
c5 9. O-O cxd4 10. Nxd4 Bb7 11. f3 Rc8 12. Qd2 Nh5 13. Rfd1 Ne5 14. b3 a6 15.
f4 Nd7 16. Bxh5 gxh5 17. Bf2 e6 18. Rac1 Nc5 19. Qe3 Kh8 20. e5 dxe5 21. fxe5
Qe7 22. Nf3 Bxf3 23. gxf3 Rg8 24. Kh1 Rcd8 25. f4 Qb7+ 26. Kh2 Bh6 27. Rg1 Rxg1
28. Rxg1 Rd3 29. Qc1 Qf3 0-1